000 00967nam0a2200301 4500
001 RU\NLR\bibl\550666
005 20250609160452.0
010 _a5-354-00727-5
_91000
021 _aRU
_b2004-43947
_92181
035 _a(NLR Aleph) 000542849
090 _a1423870
_c1423870
100 _a20040909d2004 |||y0rusy50 ca
101 0 _arus
102 _aRU
105 _aa |||||||||
200 1 _aМеханика в задачах и решениях
_fГ. М. Розенблат
210 _aМ.
_cУРСС
_d2004
215 _a154, [1] с.
_cил.
_d22
320 _aБиблиогр. в конце кн. (33 назв.)
606 1 _aМеханика
_xЗадачи
_xРешение
_92078430
_3RU\NLR\AUTH\661254285
686 1 _aВ2я7-41
700 1 _aРозенблат
_bГ. М.
_gГригорий Маркович
_4070
801 0 _aRU
_bNLR
_c20040909
_gPSBO
801 1 _aRU
_bNLR
_c20040909
942 _cBOOK
980 _aNB